All Stegosaurs - Statistics

General Stats
  • This quiz has been taken 2 times
  • The average score is 13 of 29
Answer Stats
Name Meaning Name % Correct
Alcova Lizard Alcovasaurus
100%
Huayang Lizard Huayangosaurus
100%
Spiked Lizard Kentrosaurus
100%
Miragaia Miragaia
100%
Roof Lizard Stegosaurus
100%
Wuerho Lizard Wuerhosaurus
100%
Baiyin Lizard Baiyinosaurus
50%
Chialing Lizard Chialingosaurus
50%
Chongqing Lizard Chungkingosaurus
50%
Dravidanadu Lizard Dravidosaurus
50%
Giant Spine Lizard Gigantspinosaurus
50%
Jiangjun Lizard Jiangjunosaurus
50%
Lexovii Lizard Lexovisaurus
50%
Armored Lizard Loricatosaurus
50%
Mongolian Roof Mongolostegus
50%
Monkon Lizard Monkonosaurus
50%
Near Tooth Paranthodon
50%
Tuo River Lizard Tuojiangosaurus
50%
Yanbei Dragon Yanbeilong
50%
Yingshan Lizard Yingshanosaurus
50%
Mountain Lizard Adratiklit
0%
Bashan Lizard Bashanosaurus
0%
Strong Lizard Craterosaurus
0%
Many-Pointed Tail Dacentrurus
0%
Western Lizard Hesperosaurus
0%
High Ridge/Crest Hypsirhophus
0%
Isaberry’s Lizard Isaberrysaura
0%
Sussex Lizard Regnosaurus
0%
Shield Lizard Thyreosaurus
0%
No matching quizzes found
Score Distribution
Percent of People with Each Score
Percentile by Number Answered
Your Score History
You have not taken this quiz